000 01205cam a22003491a 4500
008 730730s1927 mdu b 001 0 eng
010 _a 27003454
040 _aDLC
_cPPi
_dFTaSU
_dMoSU-L
_dDLC
042 _apremarc
043 _aa-cc---
_aa-ja---
050 0 0 _aJX1570.Z7
_bJ4 1927
092 0 4 _a327.51
_bW739
_221
099 _a04
_a327.51 W739
100 1 _aWilloughby, Westel Woodbury,
_d1867-1945.
245 1 0 _aForeign rights and interests in China /
_cby Westel W. Willoughby.
250 _aRev. and enl. ed.
260 _aBaltimore :
_bJohns Hopkins Press,
_c1927.
300 _a2 v. (xxxvi, 1153 p.) ;
_c24 cm.
440 0 _aSemicentennial publications of the Johns Hopkins University, 1876-1926
504 _aIncludes bibliographical references and index.
590 _aLibrary has v.1 only.
650 0 _aExterritoriality.
651 0 _aChina
_xEconomic conditions
_y1912-1949.
651 0 _aChina
_xForeign relations.
651 0 _aChina
_xForeign relations
_zJapan.
651 0 _aJapan
_xForeign relations
_zChina.
902 _a1
905 _aEman
_eRev.
905 _aJamal
_eCat.
942 _2ddc
_cBK
999 _c141693
_d141693